| 000 | 00423nam a2200145Ia 4500 | ||
|---|---|---|---|
| 008 | 211109s9999||||xx |||||||||||||| ||und|| | ||
| 082 |
_a944.05 _bABB-L |
||
| 100 | _aAbbott, Joseph S C | ||
| 245 | 0 | _aLife Of Napoleon Bonaparte | |
| 260 |
_bNATIONAL BOOKSTALL _aKottayam _c1956 |
||
| 300 | _a606p. | ||
| 630 | _xGeneral Stack | ||
| 650 |
_aHistory and geography _vHistory of EuropeFrance and monaco _xGeneralia |
||
| 942 | _cBOOK | ||
| 999 |
_c7925 _d7925 |
||